000 00713nam a2200193 4500
001 137438
003 ES-MaACL
005 20230906195355.0
007 t|
008 070214s1952 sp r ||||1| spa d
100 1 _aSánchez Alonso, Benito.
_9102446
245 1 0 _aFuentes de la historia española e hispanoamericana /
_cBenito Sánchez Alonso.
250 _a3ª. ed. corr. y puesta al día.
260 _aMadrid :
_bConsejo Superior de Investigaciones Científicas. Instituto Miguel de Cervantes,
_c1952.
300 _a3 v. ;
_c20 cm.
500 _aEs una publicación de la Revista de Filología Española.
710 2 _aInstituto "Miguel de Cervantes"
_95133
852 _aES-MaACL
_jC-20598-600
_bR.48871
999 _c137438
_d137438